Torschützenliste der Premier League 2019-2020 - Statistiken

Allgemein
  • Dieses Quiz wurde 55 mal gespielt
  • Das Durchschnittsergebnis liegt bei 8 aus 10
Antwortstatistiken
Tore Nationalität Verein Spieler % Korrekt
18 England Tottenham Hotspur Harry Kane
98%
23 England Leicester City Jamie Vardy
98%
19 Ägypten FC Liverpool Mohamed Salah
98%
18 Seengal FC Liverpool Sadio Mané
96%
22 Gabon FC Arsenal Pierre-Emerick Aubameyang
94%
17 England Manchester United Marcus Rashford
92%
20 England Manchester City Raheem Sterling
85%
17 Frankreich Manchester United Anthony Martial
83%
17 Mexiko Wolverhampton Wanderers Raúl Jiménez
67%
22 England FC Southampton Danny Ings
29%
Keine übereinstimmenden Quizze gefunden
Verteilung der Resultate
Anzahl Personen mit jedem Resultat
Perzentil nach korrekt beantworteten Fragen
Ihre Resultats-Entwicklung
Sie haben dieses Quiz noch nicht gespielt